Music Quiz

Random Music or Artist Quiz

VH1's Top 100 Love Songs Quiz Stats

 Plays Quiz Updated Nov 12, 2018

Support Sporcle.
Go Orange.
Score 0/100 Timer 12:00
1 Play Today
Rank Artist % Correct
1Whitney Houston
91%
3Celine Dion
90.1%
31Celine Dion
90.1%
8Elton John
78.2%
10Aerosmith
77.4%
2Elvis Presley
77%
15Olivia Newton John
73.8%
22Olivia Newton John & John Travolta
71.7%
80Guns N Roses
69%
21Sonny & Cher
66.5%
17Frank Sinatra
64.3%
52Janet Jackson
62.7%
38No Doubt
60.9%
14Sinéad O'Connor
60.3%
11Poison
59%
34Bryan Adams
58.9%
29Marvin Gaye
58.8%
85Cyndi Lauper
58.2%
4Journey
58.1%
60Journey
58.1%
86Wham!
57.8%
43Meat Loaf
57.5%
67Goo Goo Dolls
56.6%
69Boston
55.7%
25Eric Clapton
55.6%
7Lionel Richie (with Diana Ross)
55%
6Righteous Brothers
53%
97Andy Gibb & the Bee Gees
52.7%
54Barry Manilow
52.5%
13Bee Gees
52.5%
82Bonnie Tyler
50%
41Shania Twain
49.7%
37Barry White
49.5%
81Dolly Parton & Kenny Rogers
47.7%
Rank Artist % Correct
5Paul McCartney
47.4%
32Stevie Wonder
46.6%
9Jackson 5
46.2%
46Toni Braxton
45.6%
24Natalie Cole & Nat King Cole
44.3%
84Boyz II Men
43.5%
12Etta James
43.4%
39Madonna
43%
72Led Zeppelin
41%
18Faith Hill
40.9%
58Foreigner
40.9%
68Bangles
40.8%
47Al Green
38.9%
35REO Speedwagon
38.5%
42Kiss
37.6%
16Billy Joel
37.3%
40Bon Jovi
37.2%
20Chicago
37%
62Heart
37%
55Alicia Keys
36.7%
30Willie Nelson
35.3%
19Peter Gabriel
33.9%
48Prince
33.8%
90Cheap Trick
33.2%
26Joe Cocker
33.1%
33John Lennon
32.8%
64Leann Rimes
32.3%
44Extreme
32.3%
93Air Supply
32%
28Rod Stewart
31.7%
100Enrique Iglesias
31.4%
61The Commodores
30.9%
23Neil Diamond (with Barbra Streisand)
30%
27Styx
28.5%
Rank Artist % Correct
76Peter Frampton
28.3%
83Chris Isaak
27.7%
56The Pretenders
27.3%
94Pat Benatar
26.2%
74Vanessa Williams
26.1%
79Edwin McCain
25.9%
95N'Sync
25.8%
96Roxette
24.4%
57Roberta Flack
24.1%
45Bill Medley & Jennifer Warnes
24%
88Whitesnake
23.9%
70INXS
23.9%
77Donna Summer
23.8%
53Def Leppard
23.1%
92Elvis Costello
22.8%
50Bonnie Raitt
21.9%
73Captain & Tennille
21.8%
71David Cassidy
20.9%
87Bruce Springsteen
20.8%
65Modern English
20.1%
91Brian McKnight
19.8%
36The Carpenters
19.7%
89Dido
18.2%
75Chaka Khan
17.7%
63Mr. Big
15.8%
66Luther Vandross
15.4%
98Ricky Martin
15.3%
49Sade
9.2%
99LL Cool J
8.5%
59The Emotions
7.8%
78Lisa Lisa & Cult Jam
7.1%
51Atlantic Starr
6.8%

You're not logged in!

Compare scores with friends on all Sporcle quizzes.
OR
Log In
Forgot?

From the Vault

World War II Presidents

by labdien

History 4m
Some people are born at just the right time to witness history.
Remove Ads.
Support Sporcle.
Get the best of Sporcle when you Go Orange. This ad-free experience offers more features, more stats, and more fun while also helping to support Sporcle. Thank you for becoming a member.

Show Comments

Extras

Top Quizzes Today


Score Distribution

Your Account Isn't Verified!

In order to create a playlist on Sporcle, you need to verify the email address you used during registration. Go to your Sporcle Settings to finish the process.

Report this User

Report this user for behavior that violates our Community Guidelines.

Details: